000 00713nam a2200241Ia 4500
003 OSt
005 20220923212144.0
006 a|||||r|||| 00| 0
007 ta
008 220922b |||||||| |||| 00| 0 hin d
024 _a151,190
037 _cTextual
040 _aARTS
_cARTS
_bhin
041 _2hin
_ahin
082 _aM37:(Y15), 152M3
100 _aहाडा, परवेश
245 0 _aरूप श्रृगांर
246 _aRūp shrṛugāanra
260 _aदिल्ली
_b प्रभात प्रकाशन
_c1983
300 _a112 पृ.
_ccm.
942 _hM37:(Y15), 152M3
_cTEXL
_2CC
999 _c306863
_d306863